Regeneration in animals and related problems : (Record no. 12557)
[ view plain ]
| 000 -LEADER | |
|---|---|
| fixed length control field | 01143cam a22002891 4500 |
| 001 - CONTROL NUMBER | |
| control field | 12557 |
| 003 - CONTROL NUMBER IDENTIFIER | |
| rucl marc code | BD-RjUL |
| 005 - DATE AND TIME OF LATEST TRANSACTION | |
| control field | 20211208235321.0 |
| 008 - FIXED-LENGTH DATA ELEMENTS--GENERAL INFORMATION | |
| fixed length control field | 140129s1965 ne ac b 001 0 eng |
| 035 ## - SYSTEM CONTROL NUMBER | |
| System control number | (BD-RjUL)12606 |
| 040 ## - CATALOGING SOURCE | |
| Original cataloging agency | DLC/ICU |
| Transcribing agency | ICU |
| Modifying agency | DLC |
| -- | BD-RjUL |
| Language of cataloging | eng |
| 041 0# - LANGUAGE CODE | |
| Language code of text/sound track or separate title | engfre |
| 082 00 - DEWEY DECIMAL CLASSIFICATION NUMBER | |
| Classification number | 591.1 |
| Author mark and year | REG 1965 |
| 245 10 - TITLE STATEMENT | |
| Title | Regeneration in animals and related problems : |
| Remainder of title | an international symposium / |
| Statement of responsibility, etc. | edited by V. Kiortsis and H. A. L. Trampusch in collaboration with H. Herlant-Meewis and others... |
| 260 ## - PUBLICATION, DISTRIBUTION, ETC. (IMPRINT) | |
| Place of publication, distribution, etc. | Amsterdam : |
| Name of publisher, distributor, etc. | North-Holland Pub. Co., |
| Date of publication, distribution, etc. | 1965. |
| 300 ## - PHYSICAL DESCRIPTION | |
| Pagination | xxiv, 568 p. : |
| Illustrations | illus., port. ; |
| Size | 23 cm. |
| 500 ## - GENERAL NOTE | |
| General note | "Sponsored by NATO's Division of Scientific Affairs and held at Athens, Greece, in April 1964." |
| General note | English or French. |
| 504 ## - BIBLIOGRAPHY, ETC. NOTE | |
| Bibliography, etc | Includes bibliographical references and index. |
| 650 #0 - SUBJECT ADDED ENTRY--TOPICAL TERM | |
| Topical term or geographic name as entry element | Regeneration (Biology) |
| 9 (RLIN) | 35908 |
| 700 1# - ADDED ENTRY--PERSONAL NAME | |
| Personal name | Kiortsis, V. |
| Fuller form of name | Vassili |
| Personal name | Trampusch, H. A. L. |
| Relator term | joint ed. |
| 710 2# - ADDED ENTRY--CORPORATE NAME | |
| Corporate name or jurisdiction name as entry element | North Atlantic Treaty Organization. |
| Subordinate unit | Scientific Affairs Division. |
| 9 (RLIN) | 28746 |
| 942 ## - ADDED ENTRY ELEMENTS (KOHA) | |
| Source of classification or shelving scheme | Dewey Decimal Classification |
| Koha item type | Books |
| Lost status | Source of classification or shelving scheme | Damaged status | Not for loan | Collection code | Permanent Location | Current Location | Shelving location | Date acquired | Source of acquisition | Cost, normal purchase price | Total Checkouts | Full call number | Date last seen | Copy number | Koha item type |
|---|---|---|---|---|---|---|---|---|---|---|---|---|---|---|---|
| Dewey Decimal Classification | Non-fiction | Central Library, University of Rajshahi | Central Library, University of Rajshahi | 30/10/1980 | Netherland | 0.00 | 591.1 REG 1965 | 29/01/2014 | C-2 | Books | |||||
| Dewey Decimal Classification | Not For Loan | Non-fiction | Central Library, University of Rajshahi | Central Library, University of Rajshahi | Reading Room | 26/10/1968 | Book view, Dhaka | 112.00 | 591.1 REG 1965 | 13/03/2017 | C-1 | Books |